[Event "Sparkassen-Open A"]
[Site "Heusenstamm, Martinsee"]
[Date "2024.11.23"]
[Round "4.59"]
[White "Englert, Ann"]
[Black "Lüders, Eric"]
[Result "1/2-1/2"]
[WhiteElo "1567"]
[BlackElo "1651"]
[PlyCount "159"]
[EventDate "2024.11.21"]
[WhiteTeam "TV-Großostheim 1900 e.V."]
[BlackTeam "SF Hünstetten"]

1. d4 d5 2. c4 e6 3. Nc3 Nf6 4. cxd5 exd5 5. Bg5 c6 6. e3 h6 7. Bf4 Bd6 8. Bxd6 Qxd6 9. Bd3 O-O 10. Nf3 Re8 11. Ne5 Nbd7 12. f4 Qc7 13. O-O Nxe5 14. fxe5 Bg4 15. Qe1 Nd7 16. Qg3 Be6 17. Rf3 f6 18. Qg6 Nf8 19. Qg3 fxe5 20. Raf1 Kh8 21. Bf5 Bg8 22. Bg6 Nxg6 23. Qxg6 Re7 24. dxe5 Qxe5 25. Kh1 Qe6 26. Qg3 Qe5 27. Qg6 Qe6 28. Qg3 Qe5 29. Qg6 Rae8 30. Rg3 Qe6 31. Qd3 Rf7 32. Rxf7 Qxf7 33. Rf3 Qe7 34. Qd4 a6 35. a3 Rf8 36. Rxf8 Qxf8 37. Kg1 Qf5 38. e4 Qf4 39. Qb4 Be6 40. exd5 Qxb4 41. axb4 cxd5 42. Kf2 Kg8 43. Ke3 Kf7 44. Na4 Bd7 45. Nc5 Bc6 46. g3 Kf6 47. h3 Ke5 48. Nd3+ Kf5 49. Nc5 Ke5 50. Nd3+ Kf5 51. Nc5 h5 52. Nd3 g5 53. Nc5 Ke5 54. Nd3+ Kd6 55. Kd4 Bb5 56. Nf2 Bf1 57. g4 hxg4 58. hxg4 Be2 59. Ke3 Bb5 60. Kd4 Bd7 61. b3 Be6 62. Nh3 Bxg4 63. Nxg5 Bd1 64. Kc3 Kc6 65. Ne6 b6 66. Nd4+ Kd6 67. Nf5+ Ke5 68. Nd4 Bg4 69. Nc6+ Kd6 70. Nd4 Bd1 71. Nf5+ Ke5 72. Nd4 Ke4 73. Nc6 a5 74. bxa5 bxa5 75. Nd4 Bxb3 76. Nxb3 a4 77. Nc5+ Ke3 78. Nxa4 d4+ 79. Kc2 d3+ 80. Kd1 1/2-1/2

[Event "Sparkassen-Open A"]
[Site "Heusenstamm, Martinsee"]
[Date "2024.11.23"]
[Round "4.61"]
[White "Klockhaus, Daniel"]
[Black "Tomovski, Leon"]
[Result "1/2-1/2"]
[WhiteElo "1666"]
[BlackElo "1495"]
[PlyCount "84"]
[EventDate "2024.11.21"]
[WhiteTeam "SJ Herborn 1998"]
[BlackTeam "Karlsruher SF 1853"]

1. c4 e5 2. g3 Nf6 3. Bg2 Nc6 4. Nc3 Bc5 5. e4 d6 6. d3 h6 7. Nge2 Ng4 8. O-O Qf6 9. Qe1 Be6 10. a3 a5 11. h3 h5 12. Nd5 Bxd5 13. cxd5 Nd4 14. Nxd4 Bxd4 15. h4 O-O 16. Qe2 Qg6 17. Qf3 f5 18. Be3 fxe4 19. Qxe4 Qxe4 20. dxe4 Nxe3 21. fxe3 Bxe3+ 22. Kh2 Rxf1 23. Rxf1 Rf8 24. Rxf8+ Kxf8 25. a4 Ke7 26. Bh3 Kd8 27. g4 hxg4 28. Bxg4 c6 29. Kg2 Kc7 30. Kf3 Bf4 31. Ke2 Kb6 32. Kd3 Kc7 33. Be6 cxd5 34. Bxd5 b5 35. b3 g6 36. Bf7 g5 37. hxg5 Bxg5 38. Bd5 bxa4 39. bxa4 Kb6 40. Bc6 Be7 41. Bd7 Kc5 42. Be6 Kb4 1/2-1/2

[Event "Sparkassen-Open A"]
[Site "Heusenstamm, Martinsee"]
[Date "2024.11.23"]
[Round "4.62"]
[White "Kanagaraj, Thangavelu"]
[Black "Verin, Eric"]
[Result "1/2-1/2"]
[WhiteElo "1580"]
[BlackElo "1693"]
[PlyCount "43"]
[EventDate "2024.11.21"]
[WhiteTeam "TSV Schott Mainz"]
[BlackTeam "SC Bergen-Enkheim 1922"]

1. d4 Nf6 2. Nf3 g6 3. g3 Bg7 4. Bg2 d6 5. O-O Nbd7 6. c4 c5 7. Nc3 Rb8 8. Bf4 a6 9. dxc5 Nxc5 10. Na4 Ne6 11. Bc1 O-O 12. Rb1 b5 13. cxb5 axb5 14. Nc3 Ba6 15. a3 Ng4 16. Na2 Qb6 17. Nb4 Bb7 18. Nd5 Qd8 19. h3 Nf6 20. Nb4 Qd7 21. Be3 h6 22. Na2 1/2-1/2

[Event "Sparkassen-Open A"]
[Site "Heusenstamm, Martinsee"]
[Date "2024.11.23"]
[Round "4.65"]
[White "Junkers, Günter"]
[Black "Boder, Jörg"]
[Result "0-1"]
[WhiteElo "1496"]
[BlackElo "1595"]
[PlyCount "112"]
[EventDate "2024.11.21"]
[WhiteTeam "SSG Rödermark/Eppertshausen"]
[BlackTeam "SC ML Kastellaun"]

1. e4 e5 2. Nf3 Nc6 3. Bb5 Nf6 4. Nc3 Bc5 5. O-O O-O 6. Ng5 Nd4 7. Bc4 d6 8. Nb5 Bg4 9. f3 Nxf3+ 10. Kh1 Nxg5 11. Be2 Bxe2 12. Qxe2 Ne6 13. d3 a6 14. Nc3 Nd4 15. Qd1 Qd7 16. Nd5 Nxd5 17. exd5 c6 18. c3 Nf5 19. Qg4 g6 20. Rxf5 Qxf5 21. Qxf5 gxf5 22. Bh6 Rfe8 23. Rf1 f4 24. Rf3 f5 25. Rh3 Re7 26. Rh5 Rf7 27. Rg5+ Kh8 28. h3 Rg8 29. Rh5 cxd5 30. Kh2 e4 31. Bxf4 exd3 32. Bd2 Re8 33. Rh6 f4 34. b4 Be3 35. Be1 d2 36. Bxd2 Bxd2 37. Rxd6 Re5 38. b5 axb5 39. Rd8+ Kg7 40. Rd6 Bxc3 41. Rb6 d4 42. Rd6 b4 43. Kg1 Re3 44. Rd5 d3 45. Rg5+ Kf8 46. Kf1 Re1+ 47. Kf2 d2 48. Rd5 d1=Q 49. Rxd1 Rxd1 50. Ke2 Ra1 51. Kf3 Rxa2 52. g3 b3 53. g4 b2 54. g5 b1=Q 55. Kg4 Qd1+ 56. Kh4 Be1# 0-1

[Event "Sparkassen-Open A"]
[Site "Heusenstamm, Martinsee"]
[Date "2024.11.23"]
[Round "5.1"]
[White "Rafikova, Ailin"]
[Black "Fang, Borui"]
[Result "0-1"]
[WhiteElo "1655"]
[BlackElo "1775"]
[PlyCount "92"]
[EventDate "2024.11.21"]
[WhiteTeam "SK 1947 Sandhausen e.V."]
[BlackTeam "SV Oberursel"]

1. e4 e5 2. Nf3 Nc6 3. Bc4 Nf6 4. d3 Bc5 5. Nbd2 d6 6. Nf1 Na5 7. Bb3 Nxb3 8. axb3 h6 9. Be3 Bxe3 10. Nxe3 c6 11. Qd2 Be6 12. Qb4 Qc7 13. Nc4 c5 14. Qc3 O-O 15. Ne3 Rfe8 16. O-O a6 17. Qd2 Qe7 18. Qd1 Nh7 19. Nc4 Rad8 20. Re1 Qf6 21. h3 Qg6 22. Nh4 Qg5 23. Nf3 Qf6 24. Ne3 g5 25. Nh2 Qg6 26. Nhg4 h5 27. Nh2 Rf8 28. Qf3 Rd7 29. Nhf1 f5 30. exf5 Bxf5 31. Nxf5 Rxf5 32. Qe3 Rdf7 33. Re2 Nf6 34. Ng3 Rf4 35. Ne4 Nd5 36. Qd2 h4 37. Qa5 Rf8 38. Nc3 Nxc3 39. Qxc3 g4 40. d4 Rf3 41. Qc4+ Kg7 42. gxf3 gxh3+ 43. Kf1 h2 44. Ree1 h1=Q+ 45. Ke2 Qxf3+ 46. Kd2 Qh6+ 0-1

[Event "Sparkassen-Open A"]
[Site "Heusenstamm, Martinsee"]
[Date "2024.11.23"]
[Round "5.2"]
[White "Negru, Maximilian"]
[Black "Nguyen, Minh An"]
[Result "1-0"]
[WhiteElo "1556"]
[BlackElo "1708"]
[PlyCount "115"]
[EventDate "2024.11.21"]
[WhiteTeam "SK Bad Homburg 1927"]
[BlackTeam "SV 1920 Hofheim"]

1. e4 c5 2. b3 d6 3. Bb2 Nf6 4. Nc3 g6 5. f4 Bg7 6. d3 Nc6 7. Nf3 Bg4 8. h3 Bxf3 9. Qxf3 Nd4 10. Qe2 Nd7 11. O-O-O Qa5 12. Qd2 O-O-O 13. Kb1 Kb8 14. g4 Nf3 15. Qe2 Bxc3 16. Qxf3 h5 17. Bg2 Bxb2 18. Kxb2 Qb6 19. Qe2 e5 20. f5 Rdf8 21. Rdf1 Qd8 22. gxh5 gxh5 23. h4 Nf6 24. Bf3 Rfg8 25. Rfg1 Qf8 26. Rg5 Qh6 27. Rhg1 Qh7 28. Rxg8+ Rxg8 29. Rxg8+ Nxg8 30. Qg2 Nf6 31. Qg5 Qh8 32. c3 Kc7 33. d4 cxd4 34. cxd4 exd4 35. Qc1+ Kb6 36. a4 a5 37. Qc4 Nd7 38. Qb5+ Ka7 39. Qxd7 d3+ 40. e5 Qxe5+ 41. Ka2 d5 42. Bxd5 Qh2+ 43. Ka3 Qb8 44. Qe7 Qc8 45. Qxb7+ Qxb7 46. Bxb7 Kxb7 47. Kb2 Kc6 48. Kc3 Kd5 49. Kxd3 Ke5 50. b4 Kxf5 51. bxa5 Kg4 52. a6 f5 53. a7 f4 54. a8=Q f3 55. Ke3 Kxh4 56. Qxf3 Kg5 57. a5 h4 58. a6 1-0

[Event "Sparkassen-Open A"]
[Site "Heusenstamm, Martinsee"]
[Date "2024.11.23"]
[Round "5.3"]
[White "Englert, Lin"]
[Black "Jacobs, Thomas"]
[Result "1/2-1/2"]
[WhiteElo "1683"]
[BlackElo "1841"]
[PlyCount "53"]
[EventDate "2024.11.21"]
[WhiteTeam "TV-Großostheim 1900 e.V."]
[BlackTeam "SV 1929 Raunheim"]

1. d4 Nf6 2. c4 e6 3. Nc3 Bb4 4. e3 O-O 5. Nge2 d5 6. a3 Be7 7. Ng3 b6 8. cxd5 Nxd5 9. e4 Nxc3 10. bxc3 c5 11. Be3 cxd4 12. cxd4 Bb7 13. Be2 Bf6 14. O-O Qe7 15. Qb3 Nc6 16. Rfd1 Rfd8 17. e5 Bg5 18. Qb2 Na5 19. Rac1 Bxe3 20. fxe3 Qg5 21. Rc3 h6 22. Rdc1 Rac8 23. R1c2 Rxc3 24. Rxc3 Rc8 25. Rxc8+ Bxc8 26. Qc3 Bb7 27. Kf2 1/2-1/2

[Event "Sparkassen-Open A"]
[Site "Heusenstamm, Martinsee"]
[Date "2024.11.23"]
[Round "5.4"]
[White "Sikorra, Philipp"]
[Black "Nain, Medhansh"]
[Result "1-0"]
[WhiteElo "1801"]
[BlackElo "1685"]
[PlyCount "89"]
[EventDate "2024.11.21"]
[WhiteTeam "SF Schönwald"]
[BlackTeam "Schachforum Darmstadt 1994"]

1. e4 e5 2. Nf3 Nc6 3. Bc4 Bc5 4. d3 h6 5. Be3 Bb6 6. Nc3 Nf6 7. O-O d6 8. h3 Be6 9. Bb3 O-O 10. Qd2 Bxe3 11. fxe3 d5 12. exd5 Nxd5 13. Bxd5 Bxd5 14. e4 Be6 15. Rf2 Qd6 16. Raf1 Nd4 17. Nh4 Qe7 18. Nf5 Bxf5 19. exf5 Rad8 20. f6 Qe6 21. fxg7 Kxg7 22. Rf6 Qxf6 23. Rxf6 Kxf6 24. Qxh6+ Ke7 25. Qg7 Ke6 26. Ne4 Nc6 27. Qf6+ Kd7 28. Qf5+ Ke7 29. Qf6+ Kd7 30. g4 Nd4 31. c3 Nc6 32. Qf5+ Ke7 33. Qf6+ Kd7 34. b4 a6 35. Qf5+ Ke7 36. Qf6+ Kd7 37. a4 Kc8 38. b5 axb5 39. axb5 Nb8 40. Nc5 Nd7 41. Qf5 b6 42. Na6 f6 43. Qe6 Rde8 44. Qc6 Kd8 45. Nxc7 1-0

[Event "Sparkassen-Open A"]
[Site "Heusenstamm, Martinsee"]
[Date "2024.11.23"]
[Round "5.5"]
[White "Marshall, Anton Florian"]
[Black "Morgenroth, Fabian"]
[Result "1-0"]
[WhiteElo "1712"]
[BlackElo "1895"]
[PlyCount "77"]
[EventDate "2024.11.21"]
[WhiteTeam "Lübeck"]
[BlackTeam "SC Turm Breuberg"]

1. e4 e6 2. d4 d5 3. e5 c5 4. c3 Nc6 5. Nf3 Qb6 6. Bd3 cxd4 7. cxd4 Bd7 8. Bc2 Nge7 9. O-O Nf5 10. Bxf5 exf5 11. Nc3 Be6 12. a3 Be7 13. Re1 h6 14. b4 O-O 15. Be3 Rac8 16. Qd2 Kh7 17. h4 a6 18. g3 Qc7 19. Rac1 b5 20. Kg2 Qd7 21. Rh1 Rc7 22. Rh2 Na7 23. Bg5 Nc8 24. Qd3 Kg8 25. Qe3 h5 26. Bf6 Kh7 27. Qg5 g6 28. Ne2 Rxc1 29. Nf4 Rc3 30. Nxh5 Rxf3 31. Kxf3 f4 32. Nxf4 Bxf6 33. exf6 Bf5 34. h5 Be4+ 35. Ke3 Nd6 36. hxg6+ Kg8 37. Rh8+ Kxh8 38. Qh6+ Kg8 39. Qg7# 1-0

[Event "Sparkassen-Open A"]
[Site "Heusenstamm, Martinsee"]
[Date "2024.11.23"]
[Round "5.6"]
[White "Hasenpflug, Till"]
[Black "Bauer, Ottmar"]
[Result "1/2-1/2"]
[WhiteElo "1710"]
[BlackElo "1806"]
[PlyCount "77"]
[EventDate "2024.11.21"]
[WhiteTeam "SK Bad Homburg 1927"]
[BlackTeam "TSV 1869 e. V. Rottendorf"]

1. e4 c6 2. d4 d5 3. exd5 cxd5 4. Bd3 Nc6 5. c3 Nf6 6. h3 e5 7. dxe5 Nxe5 8. Qe2 Qe7 9. Bb5+ Nc6 10. Bg5 Qxe2+ 11. Nxe2 Ne4 12. Be3 Bd6 13. O-O O-O 14. Rd1 Be6 15. Nd2 Rfd8 16. Nf4 Bxf4 17. Bxf4 Nxd2 18. Rxd2 a6 19. Ba4 b5 20. Bb3 Rd7 21. Rad1 Ne7 22. a4 Rc8 23. Bg5 Kf8 24. Bxe7+ Kxe7 25. axb5 axb5 26. Rd4 Rc5 27. g4 g5 28. Kg2 f5 29. f4 fxg4 30. hxg4 Bxg4 31. Re1+ Kf6 32. fxg5+ Kxg5 33. Re5+ Kf6 34. Rexd5 Rcxd5 35. Rxd5 Rxd5 36. Bxd5 Be6 37. Bxe6 Kxe6 38. b3 Kd5 39. c4+ 1/2-1/2

[Event "Sparkassen-Open A"]
[Site "Heusenstamm, Martinsee"]
[Date "2024.11.23"]
[Round "5.7"]
[White "Fettig, Konrad"]
[Black "Englert, Fred"]
[Result "0-1"]
[WhiteElo "1705"]
[BlackElo "1790"]
[PlyCount "77"]
[EventDate "2024.11.21"]
[WhiteTeam "SC ML Kastellaun"]
[BlackTeam "SK 1982 Klingenberg e.V."]

1. e4 c6 2. d3 d5 3. Nf3 g6 4. exd5 cxd5 5. d4 Bg7 6. Bb5+ Nc6 7. O-O a6 8. Ba4 b5 9. Bb3 Nf6 10. Bf4 O-O 11. c3 Bb7 12. Nbd2 Rc8 13. Ne5 Na5 14. a4 Nc4 15. Bxc4 bxc4 16. b4 cxb3 17. Qxb3 Ba8 18. Rab1 Nh5 19. Bg3 Nxg3 20. hxg3 Qc7 21. Rfc1 Bxe5 22. dxe5 Qxe5 23. c4 dxc4 24. Nf3 Qf5 25. Qc3 Rfd8 26. Rb4 Rd3 27. Qc2 Bd5 28. Nd2 a5 29. Rb5 e6 30. Rxa5 c3 31. Nf3 Rxf3 32. gxf3 Qxf3 33. Rxd5 Qxd5 34. Qe2 Qb3 35. Qa6 Rd8 36. Kh2 Qb2 37. Rf1 c2 38. Rc1 Qxc1 39. Qa5 0-1

[Event "Sparkassen-Open A"]
[Site "Heusenstamm, Martinsee"]
[Date "2024.11.23"]
[Round "5.8"]
[White "Liu, Jonas"]
[Black "Schlömer, Andreas"]
[Result "1/2-1/2"]
[WhiteElo "1602"]
[BlackElo "1767"]
[PlyCount "54"]
[EventDate "2024.11.21"]
[WhiteTeam "SV Oberursel"]
[BlackTeam "SK Upland Willingen"]

1. e4 c5 2. c3 d5 3. exd5 Qxd5 4. d4 cxd4 5. cxd4 e6 6. Nc3 Qd8 7. Nf3 Nf6 8. Bc4 Be7 9. O-O O-O 10. Re1 a6 11. a4 Nc6 12. d5 exd5 13. Nxd5 Nxd5 14. Qxd5 Bf6 15. Qxd8 Rxd8 16. Bf4 Be7 17. Bg5 Bxg5 18. Nxg5 Rf8 19. Rad1 Bf5 20. h3 h6 21. Nf3 Bc2 22. Rd5 Bxa4 23. b3 b5 24. bxa4 bxc4 25. Rc5 Nb4 26. Rxc4 Nd3 27. Re7 Rac8 1/2-1/2

[Event "Sparkassen-Open A"]
[Site "Heusenstamm, Martinsee"]
[Date "2024.11.23"]
[Round "5.9"]
[White "Ahrens, Gunnar"]
[Black "Heller, Holger"]
[Result "1/2-1/2"]
[WhiteElo "1760"]
[BlackElo "1704"]
[PlyCount "48"]
[EventDate "2024.11.21"]
[WhiteTeam "Delmenhorster SK V 1931"]
[BlackTeam "SAbt TuS Dotzheim"]

1. f4 d6 2. Nf3 Nc6 3. e3 e5 4. Bb5 exf4 5. Bxc6+ bxc6 6. exf4 Bg4 7. O-O Be7 8. h3 Bxf3 9. Qxf3 d5 10. Qc3 Qd6 11. Qe5 Qxe5 12. fxe5 Bc5+ 13. Kh1 Ne7 14. c3 d4 15. d3 O-O 16. Nd2 Ng6 17. Nc4 a5 18. Bd2 Rfe8 19. Rfe1 Re6 20. Re4 dxc3 21. bxc3 Bb6 22. Rd1 Ne7 23. Rb1 Nd5 24. d4 f6 1/2-1/2

[Event "Sparkassen-Open A"]
[Site "Heusenstamm, Martinsee"]
[Date "2024.11.23"]
[Round "5.10"]
[White "Ziegler, Christopher"]
[Black "Will, Elina"]
[Result "1-0"]
[WhiteElo "1733"]
[BlackElo "1650"]
[PlyCount "63"]
[EventDate "2024.11.21"]
[WhiteTeam "SV 1920 Kelsterbach"]
[BlackTeam "TuS Makkabi Wiesbaden"]

1. e4 e6 2. d4 d5 3. e5 c5 4. c3 Nc6 5. Nf3 Qb6 6. Na3 a6 7. Nc2 Bd7 8. Bd3 f6 9. Rb1 cxd4 10. cxd4 Qa5+ 11. Bd2 Qxa2 12. O-O Qb3 13. Bc3 a5 14. Nh4 Nh6 15. Qh5+ Kd8 16. f4 b5 17. Na1 Qa4 18. Qe2 Nxd4 19. Qd2 Bc5 20. Kh1 b4 21. Bxd4 Bxd4 22. Bc2 b3 23. Nxb3 Bb6 24. Ra1 Qb5 25. Rab1 a4 26. Nd4 Qc4 27. Nhf3 fxe5 28. fxe5 Nf7 29. b3 axb3 30. Bxb3 Qc7 31. Ng5 Nxe5 32. Ndxe6+ 1-0

[Event "Sparkassen-Open A"]
[Site "Heusenstamm, Martinsee"]
[Date "2024.11.23"]
[Round "5.13"]
[White "Burow, Roger"]
[Black "Salomov, Asilbek"]
[Result "0-1"]
[WhiteElo "1716"]
[BlackElo "1589"]
[PlyCount "122"]
[EventDate "2024.11.21"]
[WhiteTeam "SV 1920 Kelsterbach"]
[BlackTeam "Aachen"]

1. e4 e5 2. Nf3 Nc6 3. c3 d5 4. exd5 Qxd5 5. c4 Qa5 6. Nc3 Bf5 7. d3 O-O-O 8. Nh4 Be6 9. Bd2 Nf6 10. a3 Qc5 11. b4 Qd6 12. c5 Qd7 13. Nf3 Nd4 14. Nxe5 Qe8 15. Qa4 Bd7 16. Qxa7 Qxe5+ 17. Kd1 Bc6 18. a4 Nb3 19. Ra3 Nxd2 20. Kxd2 Ne4+ 21. Kc2 Nxc3 22. Rxc3 g6 23. b5 Bg7 24. Qa8+ Kd7 25. bxc6+ bxc6 26. Qa5 Ra8 27. Qb4 Rhb8 28. Qc4 Qxc3+ 29. Qxc3 Bxc3 30. Kxc3 Rb1 31. Kc2 Ra1 32. g3 f5 33. Bg2 R8xa4 34. Rxa1 Rxa1 35. Kd2 g5 36. Ke3 Ra2 37. h3 Ra5 38. d4 Ra3+ 39. Ke2 Ra2+ 40. Ke3 f4+ 41. gxf4 gxf4+ 42. Kxf4 Rxf2+ 43. Bf3 Ke6 44. Ke3 Ra2 45. Kf4 Ra3 46. Bg4+ Kf6 47. Bf3 Kg6 48. Bg4 Ra4 49. Bf5+ Kf6 50. Ke4 Rxd4+ 51. Kxd4 Kxf5 52. Ke3 Ke5 53. h4 Kd5 54. Kf4 Kxc5 55. Ke5 Kb4 56. Kd4 c5+ 57. Kd3 Kb3 58. Kd2 c4 59. Kc1 h5 60. Kb1 c3 61. Kc1 c2 0-1

[Event "Sparkassen-Open A"]
[Site "Heusenstamm, Martinsee"]
[Date "2024.11.23"]
[Round "5.15"]
[White "Henn, Jochen"]
[Black "Bardorz, Stefan"]
[Result "0-1"]
[WhiteElo "1693"]
[BlackElo "1800"]
[PlyCount "144"]
[EventDate "2024.11.21"]
[WhiteTeam "SC Bad Nauheim"]
[BlackTeam "TSV 1869 e. V. Rottendorf"]

1. e4 e5 2. Nf3 Nc6 3. Bc4 Bc5 4. c3 Nf6 5. d3 d6 6. O-O Be6 7. Bb3 Bb6 8. Bg5 h6 9. Bxe6 fxe6 10. Be3 Bxe3 11. fxe3 d5 12. exd5 exd5 13. Nbd2 Qe7 14. c4 Qc5 15. Qe2 O-O-O 16. Nb3 Qb6 17. cxd5 Nxd5 18. d4 exd4 19. exd4 Rhe8 20. Qf2 Nf4 21. Kh1 Re2 22. Qg3 g5 23. Rf2 Rde8 24. Raf1 Nb4 25. Ne5 Rxf2 26. Rxf2 Nbd5 27. Qg4+ Qe6 28. Qxe6+ Nxe6 29. h3 Nxd4 30. Nc5 Nf4 31. Nf7 Nf5 32. g3 Nxg3+ 33. Kh2 Nf5 34. h4 Nxh4 35. Nxh6 Re2 36. Rxe2 Nxe2 37. Kh3 Nf3 38. Nf7 Ned4 39. Kg4 b6 40. Ne4 Kd7 41. Nfxg5 Nxg5 42. Kxg5 Ke6 43. Kf4 Kd5 44. Nc3+ Kc4 45. Ke4 c6 46. Na4 Nb5 47. b3+ Kb4 48. Nb2 Nc3+ 49. Kd3 Nxa2 50. Kc2 Kb5 51. Nc4 Nb4+ 52. Kc3 Nd5+ 53. Kb2 a5 54. Na3+ Kc5 55. Nc2 b5 56. Ka3 Nc3 57. b4+ axb4+ 58. Nxb4 Nd5 59. Nc2 Kc4 60. Kb2 b4 61. Na1 c5 62. Nb3 Ne3 63. Nc1 Kb5 64. Nd3 c4 65. Nc1 Nd1+ 66. Kc2 Nc3 67. Kb2 Kc5 68. Kc2 Kd4 69. Kb2 Ke4 70. Kc2 Ke3 71. Nb3 cxb3+ 72. Kxb3 Nd5 0-1

[Event "Sparkassen-Open A"]
[Site "Heusenstamm, Martinsee"]
[Date "2024.11.23"]
[Round "5.16"]
[White "Hofmann, Werner"]
[Black "Glavev, Danail"]
[Result "0-1"]
[WhiteElo "1789"]
[BlackElo "1680"]
[PlyCount "98"]
[EventDate "2024.11.21"]
[WhiteTeam "SV 1920 Kelsterbach"]
[BlackTeam "SK Bad Homburg 1927"]

1. d4 d5 2. Bf4 Nf6 3. e3 Bf5 4. Nf3 e6 5. Nbd2 c5 6. c3 Be7 7. Be2 O-O 8. O-O Nc6 9. Ne5 Nxe5 10. Bxe5 Nd7 11. Bg3 Qb6 12. Qb3 c4 13. Qxb6 Nxb6 14. b3 Rac8 15. bxc4 Nxc4 16. Nxc4 dxc4 17. a4 Bd3 18. Ra2 Rc6 19. Rd1 Rfc8 20. f3 Rb6 21. Be1 Bxe2 22. Rxe2 Rb3 23. Ra2 Rc6 24. Kf1 Kf8 25. Ke2 Ra6 26. Rda1 Rab6 27. Bd2 Ke8 28. Kd1 Kd7 29. Kc2 Bd6 30. f4 f6 31. Bc1 e5 32. fxe5 fxe5 33. g3 Ke6 34. Rb2 Kf5 35. Rab1 Rxb2+ 36. Bxb2 Ra6 37. Rf1+ Ke6 38. Ra1 g6 39. e4 Kf6 40. Rf1+ Kg7 41. Ra1 h5 42. Kd2 Kh6 43. Ke2 g5 44. Kf3 Kg6 45. h3 Rb6 46. Ba3 exd4 47. Bxd6 Rxd6 48. cxd4 Rxd4 49. Ra3 Kf6 0-1

[Event "Sparkassen-Open A"]
[Site "Heusenstamm, Martinsee"]
[Date "2024.11.23"]
[Round "5.17"]
[White "Kesavan, Sarvesh"]
[Black "Lingl, Peter"]
[Result "1-0"]
[WhiteElo "1669"]
[BlackElo "1757"]
[PlyCount "81"]
[EventDate "2024.11.21"]
[WhiteTeam "SK Bad Homburg 1927"]
[BlackTeam "SC JÄKLECHEMIE Talente Franken e"]

1. e4 e5 2. Nf3 Nc6 3. Bc4 Bc5 4. c3 d6 5. O-O Bg4 6. h3 h5 7. d3 Be6 8. Bxe6 fxe6 9. Qb3 Qc8 10. Ng5 Na5 11. Qxe6+ Qxe6 12. Nxe6 Bb6 13. Nxg7+ Kd7 14. Be3 Rh7 15. Bxb6 axb6 16. Nf5 Nc6 17. Nd2 Nge7 18. Nh4 Rg8 19. Ndf3 Rhg7 20. Kh2 Ng6 21. Nxg6 Rxg6 22. Nh4 R6g7 23. f4 Rg3 24. Rf3 exf4 25. d4 Ne7 26. Rxf4 Re3 27. Raf1 Re2 28. R1f2 Re3 29. Nf5 Nxf5 30. Rxf5 Rxe4 31. Rxh5 c5 32. dxc5 bxc5 33. Rd2 Rg6 34. Rxc5 Rge6 35. Rf5 Re2 36. Rf2 Re1 37. g4 R1e3 38. Rg2 Kc6 39. Rg3 Re2+ 40. Rxe2 Rxe2+ 41. Rg2 1-0

[Event "Sparkassen-Open A"]
[Site "Heusenstamm, Martinsee"]
[Date "2024.11.23"]
[Round "5.18"]
[White "Carvelli, Nicolas"]
[Black "Kludszuweit, Kim Ira"]
[Result "1-0"]
[WhiteElo "1745"]
[BlackElo "1658"]
[PlyCount "79"]
[EventDate "2024.11.21"]
[WhiteTeam "SF Seligenstadt 05"]
[BlackTeam "SF Essen-Werden 1924/"]

1. d4 d5 2. c4 c5 3. cxd5 Qxd5 4. Nf3 cxd4 5. Qxd4 Qxd4 6. Nxd4 e5 7. Nb5 Na6 8. e4 Bd7 9. Bd2 Bc5 10. Bc3 f6 11. Nd2 O-O-O 12. Nb3 Bxb5 13. Bxb5 Nb4 14. Nxc5 Nc2+ 15. Ke2 Nxa1 16. Rxa1 Rd6 17. Rd1 Rxd1 18. Kxd1 g5 19. Kd2 Ne7 20. Ne6 h5 21. Kd3 Ng6 22. Kc4 a6 23. Ba4 b5+ 24. Bxb5 axb5+ 25. Kxb5 Nf4 26. Nxf4 gxf4 27. g3 fxg3 28. fxg3 h4 29. Be1 hxg3 30. Bxg3 Kd7 31. b4 Ke6 32. a4 f5 33. exf5+ Kxf5 34. a5 e4 35. a6 Ke6 36. Kc6 Rh7 37. b5 e3 38. b6 e2 39. b7 Rxh2 40. b8=Q 1-0

[Event "Sparkassen-Open A"]
[Site "Heusenstamm, Martinsee"]
[Date "2024.11.23"]
[Round "5.19"]
[White "Wang, Enya Marie"]
[Black "Avhopulo, Kirill"]
[Result "1-0"]
[WhiteElo "1647"]
[BlackElo "1743"]
[PlyCount "61"]
[EventDate "2024.11.21"]
[WhiteTeam "TSV Schönaich"]
[BlackTeam "SK Marburg 1931/72"]

1. e4 c5 2. c3 Nc6 3. d4 cxd4 4. cxd4 e6 5. Nf3 Nf6 6. Nc3 d5 7. exd5 Nxd5 8. Bb5 Bb4 9. Bd2 Qd6 10. O-O Nf6 11. a3 Ba5 12. Qa4 Bd7 13. Bxc6 Bxc3 14. Bxd7+ Qxd7 15. Qxd7+ Kxd7 16. Bxc3 Nd5 17. Ne5+ Ke7 18. Rac1 Rac8 19. Bb4+ Nxb4 20. axb4 f6 21. Nd3 Rhd8 22. Rxc8 Rxc8 23. Rc1 Rd8 24. Rc7+ Kf8 25. Nc5 Kg8 26. Rxg7+ Kh8 27. Rd7 Rc8 28. h3 b6 29. Nxe6 Rc1+ 30. Kh2 Rc2 31. Rd8# 1-0

[Event "Sparkassen-Open A"]
[Site "Heusenstamm, Martinsee"]
[Date "2024.11.23"]
[Round "5.20"]
[White "Vick, Edward"]
[Black "Neff, Oliver"]
[Result "1/2-1/2"]
[WhiteElo "1626"]
[BlackElo "1700"]
[PlyCount "70"]
[EventDate "2024.11.21"]
[WhiteTeam "TuS Makkabi Wiesbaden"]
[BlackTeam "SG Wartturm Schaafheim"]

1. e4 c6 2. d4 d5 3. e5 Bf5 4. Bd3 Bxd3 5. Qxd3 e6 6. Bd2 Nd7 7. Nf3 h6 8. Nc3 c5 9. dxc5 Nxc5 10. Qb5+ Qd7 11. Qxd7+ Nxd7 12. O-O-O a6 13. Rde1 Ne7 14. Nd4 g5 15. Rhf1 Ng6 16. f4 gxf4 17. Bxf4 Nxf4 18. Rxf4 Be7 19. Nf3 Rg8 20. g4 Nxe5 21. Rxe5 Bd6 22. Rf6 Bxe5 23. Nxe5 Rg7 24. Rxh6 Ke7 25. h3 Rag8 26. Kd2 f6 27. Nf3 Rg6 28. Rh7+ R8g7 29. Rh5 Kd6 30. Nd4 Rg5 31. Rh6 R5g6 32. Rh5 Rg5 33. Rh6 R5g6 34. Rh8 Rg8 35. Rh7 R8g7 1/2-1/2

[Event "Sparkassen-Open A"]
[Site "Heusenstamm, Martinsee"]
[Date "2024.11.23"]
[Round "5.23"]
[White "Bach, Oliver"]
[Black "Heidtkamp, Anna"]
[Result "1-0"]
[WhiteElo "1788"]
[BlackElo "1655"]
[PlyCount "115"]
[EventDate "2024.11.21"]
[WhiteTeam "Sabt Frankfurter TV 1860"]
[BlackTeam "Düsseldorfer Schachverein 1854"]

1. d4 d5 2. Nf3 Nf6 3. c4 e6 4. Nc3 Be7 5. Bg5 Nbd7 6. e3 b6 7. cxd5 exd5 8. Bb5 Bb7 9. Ne5 O-O 10. Nc6 Qe8 11. Ne5 a6 12. Bxf6 axb5 13. Nxd7 Qxd7 14. Bxe7 Qxe7 15. Qb3 c6 16. O-O Bc8 17. Ne2 Qa7 18. Rfc1 Bd7 19. a3 Rfc8 20. Nf4 Qa4 21. Qc3 Bf5 22. Qd2 Qa7 23. Re1 Qe7 24. Rac1 Qd6 25. Nd3 f6 26. Nb4 Bg6 27. Rc3 Bf7 28. Rec1 c5 29. Nd3 c4 30. Nb4 Qd7 31. Qe2 Qf5 32. g4 Qe6 33. Qf3 Rd8 34. h4 Bg6 35. Qg2 Be4 36. f3 Bg6 37. h5 Bf7 38. Kf2 f5 39. gxf5 Qxf5 40. Rg1 Qf6 41. Qg4 Be6 42. Qg3 Bf7 43. Rh1 Qh6 44. Rcc1 Re8 45. f4 Re7 46. Qg5 Qxg5 47. fxg5 Rf8 48. Ke2 Rfe8 49. Rh3 Be6 50. Rg3 Kh8 51. Rf1 Bg8 52. Nc6 Rc7 53. Ne5 Be6 54. Kd2 Ra7 55. Kc3 Ra4 56. Rgf3 Kg8 57. Nc6 Bg4 58. Ne7+ 1-0

[Event "Sparkassen-Open A"]
[Site "Heusenstamm, Martinsee"]
[Date "2024.11.23"]
[Round "5.24"]
[White "Lerch, Cornelia"]
[Black "Kaiser, Danny"]
[Result "0-1"]
[WhiteElo "1787"]
[BlackElo "1627"]
[PlyCount "132"]
[EventDate "2024.11.21"]
[WhiteTeam "SK 1980 Gernsheim"]
[BlackTeam "SC Bad Nauheim"]

1. e4 e5 2. Nf3 Nc6 3. Bb5 a6 4. Ba4 b5 5. Bb3 Nf6 6. d3 d6 7. Nc3 Na5 8. Bg5 Nxb3 9. axb3 Be7 10. Nxb5 Bg4 11. Nc3 O-O 12. Bxf6 Bxf6 13. Nd5 c6 14. Ne3 Bh5 15. Nf5 Qb8 16. Ng3 Bxf3 17. Qxf3 Qb4+ 18. Ke2 Bg5 19. Rhd1 g6 20. Ra4 Qc5 21. Rc4 Qa5 22. Ra4 Qc5 23. c3 Qb5 24. Rb4 Qa5 25. Ra4 Qb5 26. Ra3 a5 27. Rda1 Be7 28. Ke1 d5 29. b4 c5 30. Rxa5 Rxa5 31. Rxa5 Qb7 32. exd5 cxb4 33. c4 b3 34. Rb5 Qa7 35. Rxb3 Bb4+ 36. Ke2 Qa4 37. d4 exd4 38. Qd3 Bc3 39. bxc3 Qxb3 40. Qxd4 Rc8 41. c5 f5 42. Kf3 Qb7 43. c6 Qa6 44. Ne2 Kf7 45. Nf4 g5 46. Nd3 Re8 47. Ne5+ Kg8 48. d6 Rxe5 49. Qxe5 Qd3+ 50. Qe3 Qd1+ 51. Qe2 g4+ 52. Ke3 f4+ 53. Kxf4 Qxe2 54. c7 Qe8 55. Kxg4 Qd7+ 56. Kf3 Kf7 57. Ke4 Ke8 58. f4 Qc6+ 59. Ke3 Qxc3+ 60. Ke4 Kd7 61. g4 Qc6+ 62. Ke3 Qxd6 63. c8=Q+ Kxc8 64. h4 h5 65. g5 Qe6+ 66. Kf3 Qf5 0-1